[Event "Asian Nation Cup Open 2018"]
[Site "Hamedan"]
[Date "2018.07.31"]
[Round "4"]
[White "Hossain, Enamul"]
[Black "Yakubboev, Nodirbek"]
[Result "1/2-1/2"]
[WhiteElo "2473"]
[BlackElo "2512"]
[Annotator "TA"]
[PlyCount "114"]
[EventDate "2018.07.27"]
[EventType "swiss"]
[EventCountry "IRI"]
[SourceTitle "playchess.com"]
[Source "ChessBase"]
[SourceQuality "1"]
[WhiteTeam "Bangladesh"]
[BlackTeam "Uzbekistan"]
[WhiteTeamCountry "BAN"]
[BlackTeamCountry "UZB"]

{[%evp 26,114,25,22,41,46,48,54,83,81,89,86,84,92,90,81,86,81,93,95,119,112,120,105,133,154,127,102,139,42,71,0,77,72,154,145,147,104,199,191,180,189,222,-14,-15,-19,0,-460,89,-64,-8,-8,-8,-8,-8,-8,-8,-8,-8,-189,18,16,75,0,0,0,0,0,0,0,0,0,0,0,0,0,0,0,0,0,0,0,0,0,0,0,0,0,0,0,0]} 1. e4 {Kritz,L} c5 2. Nf3 d6 3. d4 cxd4 4. Nxd4 Nf6 5. Nc3 a6 6. Be3 e5 7. Nb3 Be6 8. f3 h5 9. Qd2 Nbd7 10. Nd5 {B90: Sicilian Najdorf: Unusual White 6th moves, 6 Be3 Ng4 and 6 Be3 e5} Bxd5 11. exd5 Qc7 (11... g6 12. Be2 Bg7 13. O-O a5 14. a4 O-O 15. Bb5 Qc7 16. c4 b6 17. h3 Nc5 18. Nxc5 bxc5 {½-½ (49) Carlsen,M (2842)-Vachier Lagrave,M (2779) Biel 2018}) 12. c4 g6 13. Be2 Bg7 14. O-O {LiveBook: 5 Games} b6 15. Rac1 {[#]} Nc5 $146 ({Predecessor:} 15... O-O 16. Na1 a5 17. Nc2 Nc5 {1-0 (49) Bologan,V (2732)-Wang,H (2739) Biel 2012 CBM 150 [Kritz,L]}) 16. Na1 e4 17. b4 Ncd7 18. f4 a5 19. a3 axb4 20. axb4 Ng4 21. Bd4 Bxd4+ 22. Qxd4 Ngf6 23. Nb3 O-O 24. Qd2 Rfe8 25. Nd4 e3 26. Qd3 Ra2 {With the idea ...Rd2.} 27. Nb5 (27. Rfe1 $16) 27... Qd8 $1 $14 {Threatens to win with ...Rd2.} (27... Qb8 28. Rc2 $16) 28. Bf3 (28. Nxd6 Rd2 $15) (28. Rce1 $16) 28... Qe7 (28... Ng4 $1 $11 29. Bxg4 (29. Nxd6 Rd2 $19) 29... hxg4) 29. h3 $1 $16 Nb8 (29... h4 $142) 30. Qb3 Rd2 31. Ra1 Nh7 (31... h4 $16) 32. Qc3 $1 $18 g5 33. Bxh5 {aiming for fxg5.} Nf6 34. Bg4 $2 (34. Bxf7+ $1 $18 Qxf7 35. Nxd6 (35. fxg5 Nxd5 36. Qxd2 exd2 $14)) 34... Nxg4 $11 35. hxg4 Nd7 36. Rae1 $2 {[%mdl 8192]} (36. Rf3 $11 {and White has nothing to worry.}) 36... Nf6 $2 {[#]} (36... Qe4 $1 $19 {[%csl Gd2][%cal Re4g2]} 37. Qxd2 exd2 38. Rxe4 Rxe4) 37. Nd4 $2 ({Not} 37. fxg5 Nxg4 38. g3 Rf2 $19) (37. Rf3 $1 $16) 37... Nxg4 (37... gxf4 $15 38. Nf5 (38. Rxf4 $2 Qe5 $19) 38... Qe5 39. Qxe5 dxe5) 38. Nf5 $132 {[%csl Gf5][%cal Rc3g7][%mdl 2048] White is not keeping still} Rxg2+ $1 39. Kxg2 {[%csl Gf5][%cal Rc3g7]} Qe4+ 40. Rf3 {[%csl Gf5][%cal Rc3g7]} Qxf5 41. fxg5 $1 Qxg5 42. Qd4 $2 {[#]} (42. Rg3 $11 f5 43. Rh1) 42... f5 $2 (42... e2 $1 $19 {( -> ...Ne3+)} 43. Kh3 (43. Rg3 f5 $19) 43... Qh5+ 44. Kg3 Nh2) 43. Qf4 Qg7 (43... Qxf4 $11 {remains equal.} 44. Rxf4 Re5) 44. Re2 (44. Qxd6 $16 e2 45. Qg3) 44... Re5 {The position is equal.} 45. Rh3 Qg6 {Strongly threatening ...Re4.} 46. Rf3 Kf7 47. c5 dxc5 48. bxc5 bxc5 49. Qc4 Ke7 50. Qxc5+ Qd6 51. Qa7+ Kf6 52. Qd4 Kg6 {...Re4 is the strong threat.} 53. Rg3 Qxd5+ 54. Qxd5 Rxd5 55. Rexe3 f4 56. Rxg4+ Kf5 57. Rxf4+ Kxf4 {Precision: White = 53%, Black = 41%.} 1/2-1/2

[Event "Asian Nation Cup Open 2018"]
[Site "Hamedan"]
[Date "2018.07.31"]
[Round "4"]
[White "Nguyen, Anh Khoi"]
[Black "Javanbakht, Nima"]
[Result "1/2-1/2"]
[WhiteElo "2454"]
[BlackElo "2439"]
[Annotator "TA"]
[PlyCount "52"]
[EventDate "2018.07.27"]
[EventType "swiss"]
[EventCountry "IRI"]
[SourceTitle "playchess.com"]
[Source "ChessBase"]
[SourceQuality "1"]
[WhiteTeam "Vietnam"]
[BlackTeam "Iran"]
[WhiteTeamCountry "VIE"]
[BlackTeamCountry "IRI"]

{[%evp 10,52,40,37,61,21,27,14,21,21,13,12,21,21,17,0,7,0,11,0,0,0,0,0,0,0,0,0,0,0,0,0,0,0,10,0,0,0,0,0,0,4,4,0,0]} 1. d4 Nf6 2. c4 e5 3. dxe5 Ng4 4. Nf3 Nc6 5. Bf4 Bb4+ 6. Nbd2 {LiveBook: 530 Games. Hoping for h3.} d6 {[%cal Rd6e5] A52: Budapest Gambit} (6... Qe7 7. a3 Ngxe5 8. Nxe5 Nxe5 9. e3 Bxd2+ 10. Qxd2 O-O 11. c5 Rd8 12. Qd5 d6 13. cxd6 cxd6 14. Be2 Be6 15. Qd2 Bc4 16. Bxc4 Nxc4 17. Qd4 d5 18. O-O Na5 {½-½ (30) Tari,A (2595)-Maghsoodloo,P (2584) Kocaeli 2017}) 7. a3 (7. Bg5 {is interesting.} Qd7 8. exd6 f6 9. Bh4 Qxd6 10. e3) 7... Bxd2+ 8. Qxd2 {[%cal Re5d6]} Ngxe5 $146 {The position is equal.} ({Predecessor:} 8... Ncxe5 9. Nxe5 Nxe5 10. Bxe5 dxe5 11. Qxd8+ Kxd8 12. e4 Ke7 13. Be2 Rd8 14. Rd1 Be6 15. O-O f6 16. f3 {½-½ (16) Mameri,M-Cvitanic,J Szeged 1994}) 9. Nxe5 dxe5 10. Qxd8+ Kxd8 11. O-O-O+ Ke7 12. Bd2 Bf5 13. e3 a5 14. b3 Rhd8 15. Be2 Bd3 16. Bxd3 Rxd3 17. Kc2 Rad8 18. Bc3 Rxd1 19. Rxd1 Rxd1 20. Kxd1 $11 {[%mdl 4096] Endgame KB-KN} Kd6 21. Kc2 Kc5 22. Kd3 f5 23. f3 g6 24. Be1 b6 25. Bh4 Kd6 26. Kc3 h6 {Precision: White = 68%, Black = 73%.} 1/2-1/2

[Event "Asian Nation Cup Open 2018"]
[Site "Hamedan"]
[Date "2018.07.31"]
[Round "4"]
[White "Tahbaz, Arash"]
[Black "Tran, Tuan Minh"]
[Result "1-0"]
[WhiteElo "2449"]
[BlackElo "2520"]
[Annotator "TA"]
[PlyCount "81"]
[EventDate "2018.07.27"]
[EventType "swiss"]
[EventCountry "IRI"]
[SourceTitle "playchess.com"]
[Source "ChessBase"]
[SourceQuality "1"]
[WhiteTeam "Iran"]
[BlackTeam "Vietnam"]
[WhiteTeamCountry "IRI"]
[BlackTeamCountry "VIE"]

{[%evp 15,81,0,0,-14,0,-16,-8,-39,-29,-77,-32,-40,-10,-8,0,0,0,-4,0,-31,18,23,24,31,22,27,30,29,33,33,43,0,87,90,134,155,215,222,217,190,233,189,217,219,217,227,179,182,310,319,287,294,314,312,340,322,365,362,559,547,503,490,561,527,726,718,708,702]} 1. e4 c5 2. Nc3 d6 3. d4 cxd4 4. Qxd4 Nc6 5. Qd2 Nf6 6. b3 {B23: Closed Sicilian: Lines without g3} a6 7. Bb2 e6 8. O-O-O Be7 {LiveBook: 3 Games} (8... b5 9. f3 h5 10. Nh3 Be7 11. Ng5 {1-0 (31) Carlsen,M (2843)-Wojtaszek,R (2744) Shamkir 2018}) 9. f4 b5 $146 ({Predecessor:} 9... O-O 10. g4 Nxg4 11. Nf3 {1-0 (24) Xu,X (2581)-Liu,Y (2505) Tianjin 2018}) 10. Bd3 Bb7 11. Nf3 (11. g4 $5) 11... Nb4 12. Kb1 Nxd3 13. cxd3 b4 14. Na4 $1 Bc6 15. Nd4 Bxa4 16. bxa4 O-O 17. g4 {[%cal Bg2g4,Bg4g5][%mdl 32]} Rc8 18. Rc1 $1 $36 {[%mdl 2048] White has some pressure.} ({Don't play} 18. Qxb4 d5 $15) 18... Qd7 19. g5 {[#] Black must now prevent Rxc8.} ({And not} 19. Qxb4 d5 $17) 19... Nh5 20. f5 e5 21. f6 exd4 22. fxe7 Qxe7 23. Qxb4 Qxg5 (23... Nf4 $1 $11) 24. Qxd4 $16 Rcd8 25. Rhg1 Qh6 (25... Qe5 $16) 26. Rcf1 $18 {And now Bc1 would win.} Rb8 27. Ka1 Rxb2 28. Qxb2 Qe3 29. Qc3 g6 30. Rg2 Ng7 31. Rg3 Qe2 (31... Qh6 {was necessary.} 32. Rg2 Ne6) 32. Rgf3 Ne6 33. Qb2 Qxb2+ 34. Kxb2 {[%mdl 4096] Endgame KRR-KRN} Rb8+ 35. Kc3 Rc8+ 36. Kd2 Nd4 (36... Rc7 $142 37. Rb1 Rd7) 37. Rxf7 {White is clearly winning.} Rc2+ 38. Kd1 Rxa2 {If Black can now play ...Nf5 this consolidates a bit.} 39. R1f6 Rxa4 40. Rb7 Ra3 41. Kd2 {Precision: White = 74%, Black = 48%.} 1-0

[Event "Asian Nation Cup Open 2018"]
[Site "Hamedan"]
[Date "2018.07.31"]
[Round "4"]
[White "Khoroshev, Nikita"]
[Black "Islam, Kh.Aminul"]
[Result "1-0"]
[WhiteElo "2424"]
[BlackElo "2293"]
[Annotator "TA"]
[PlyCount "25"]
[EventDate "2018.07.27"]
[EventType "swiss"]
[EventCountry "IRI"]
[SourceTitle "playchess.com"]
[Source "ChessBase"]
[SourceQuality "1"]
[WhiteTeam "Uzbekistan"]
[BlackTeam "Bangladesh"]
[WhiteTeamCountry "UZB"]
[BlackTeamCountry "BAN"]

{[%evp 13,25,0,0,-9,0,-3,67,66,68,60,181,190,196,185]} 1. Nf3 Nf6 2. g3 b6 3. Bg2 Bb7 4. O-O c5 5. d3 g6 6. e4 {[%cal Be2e4,Be4e5][%mdl 32]} Bg7 7. Nc3 {A05: Réti Opening: 1 Nf3 Nf6} (7. a4 O-O 8. Re1 Nc6 9. Nbd2 d6 10. Nc4 a6 11. e5 Nxe5 12. Nfxe5 Bxg2 13. Kxg2 dxe5 14. Nxe5 e6 {1-0 (22) Carlsen,M (2832)-So,W (2815) chess.com INT 2017}) 7... O-O {LiveBook: 9 Games} 8. Bg5 h6 9. Bd2 {The position is equal.} Na6 $146 (9... Nc6 $11) ({Predecessor:} 9... Nc6 10. Re1 d6 11. a3 Kh7 12. Rb1 Qd7 13. Nd5 Ng8 14. b4 e6 {½-½ (33) Roos,D (2404)-Sokolov,A (2566) France 2001}) 10. Qc1 $14 Kh7 11. e5 Ne8 {[#]} (11... Nd5 $14) 12. Ng5+ $1 $18 {[%mdl 512]} hxg5 13. Bxb7 1-0

[Event "Asian Nation Cup Open 2018"]
[Site "Hamedan"]
[Date "2018.07.31"]
[Round "4"]
[White "Gholami Orimi, Mahdi"]
[Black "Nguyen, Duc Hoa"]
[Result "0-1"]
[WhiteElo "2334"]
[BlackElo "2441"]
[Annotator "TA"]
[PlyCount "88"]
[EventDate "2018.07.27"]
[EventType "swiss"]
[EventCountry "IRI"]
[SourceTitle "playchess.com"]
[Source "ChessBase"]
[SourceQuality "1"]
[WhiteTeam "Iran"]
[BlackTeam "Vietnam"]
[WhiteTeamCountry "IRI"]
[BlackTeamCountry "VIE"]

{[%evp 19,88,0,0,-49,-38,-33,46,46,46,56,84,84,90,-32,0,0,2,-70,-85,-195,-189,-438,-321,-300,-297,-302,-296,-306,-314,-300,-301,-241,-118,-359,-273,-273,-276,-268,-267,-266,-259,-254,-259,-334,-339,-418,-405,-433,-441,-723,-760,-731,-429,-456,-456,-441,-439,-430,-439,-549,-567,-555,-551,-604,-600,-631,-619,-683,-692,-798,-779]} 1. d4 d5 2. c4 e6 3. Nc3 c6 4. e3 Nf6 5. Nf3 Nbd7 6. Qc2 Bd6 7. b3 O-O 8. Bb2 e5 9. Be2 {D45: Semi-Slav: 5 e3} e4 10. Nd2 Re8 {LiveBook: 9 Games} 11. O-O-O {The position is equal.} (11. g4 Nf8 12. h3 Be6 13. O-O-O a6 14. c5 Bc7 15. Rdg1 N6d7 16. h4 b6 17. cxb6 Nxb6 {0-1 (49) Duda,J (2717)-Wang,H (2709) Riadh 2017}) 11... Nf8 12. Rdg1 $146 ({Predecessor:} 12. Kb1 Bg4 13. h3 Bxe2 14. Nxe2 b5 15. c5 Bc7 16. a3 N6d7 {0-1 (50) Megaranto,S (2553)-Yu,Y (2433) Subic Bay 2009}) 12... a6 (12... Bg4 $15) 13. g4 $14 Be6 14. h4 b5 15. c5 Bc7 16. Nd1 ({Better is} 16. g5 $16) 16... Qc8 {[%cal Re6g4]} 17. g5 Ng4 18. f3 (18. h5 $11) 18... exf3 $15 19. Bxf3 (19. Nxf3 $17 {was worth a try.} a5 20. h5) 19... Bf5 $36 {[%mdl 2048] Black is really pushing.} 20. Qc3 $2 {[#]} (20. e4 dxe4 21. Nxe4) 20... b4 $1 {[%mdl 512]} 21. Qxb4 Nxe3 22. Qc3 Bf4 23. Re1 {[%cal Rd1e3]} Nc2 24. Rxe8 Qxe8 25. Nf2 Ne1 (25... a5 $19 26. Bg4 Nb4) 26. Rf1 $2 (26. Kd1 $17 Nxf3 27. Nxf3) 26... Ra7 27. Bg4 {[#]} Bxg4 $1 28. Nxg4 Qe2 {And now ...Qxf1 would win.} 29. Rxf4 {Threatens to win with Rf1.} Nd3+ {[%cal Be1d3,Bd3f4,Bf4g2,Bg2e3,Be3f5][%mdl 32]} 30. Kc2 Nxf4 31. Ne5 Rc7 32. Qg3 N8e6 33. Bc3 Ng2 {Black is clearly winning.} 34. a4 (34. Kb2 $142 Ne3 35. Ba5) 34... Ne3+ 35. Kb2 Nf5 36. Qf3 Nfxd4 37. Qxe2 Nxe2 38. Ba5 Rc8 39. b4 f6 40. gxf6 gxf6 41. Nef3 Kf7 42. Nb3 Rg8 43. Bb6 Rg3 44. Nfd2 Nc3 {Precision: White = 35%, Black = 56%.} 0-1

[Event "Asian Nation Cup Open 2018"]
[Site "Hamedan"]
[Date "2018.07.31"]
[Round "4"]
[White "Abdisalimov, Abdimalik"]
[Black "Mohammad Minhaz Uddin"]
[Result "1-0"]
[WhiteElo "2331"]
[BlackElo "2330"]
[Annotator "NA"]
[PlyCount "49"]
[EventDate "2018.07.27"]
[EventType "swiss"]
[EventCountry "IRI"]
[SourceTitle "playchess.com"]
[Source "ChessBase"]
[SourceQuality "1"]
[WhiteTeam "Uzbekistan"]
[BlackTeam "Bangladesh"]
[WhiteTeamCountry "UZB"]
[BlackTeamCountry "BAN"]
[TimeControl "40/5400+30:1800+30"]

1. d4 {[%emt 0:00:00]} Nf6 {[%emt 0:00:07]} 2. c4 {[%emt 0:00:00]} e6 {[%emt 0:00:09]} 3. Nc3 {[%emt 0:00:02]} Bb4 4. e3 O-O {[%emt 0:00:36]} 5. Bd3 {[%emt 0:00:17]} c5 {[%emt 0:00:44]} 6. Nf3 {[%emt 0:00:24]} d5 {[%emt 0:00:19]} 7. cxd5 {[%emt 0:00:25]} exd5 {[%emt 0:08:29]} 8. O-O {[%emt 0:00:14]} Nc6 {[%emt 0:00:19]} 9. dxc5 {[%emt 0:00:03]} Bxc5 {[%emt 0:02:24]} 10. h3 {[%emt 0:00:43]} a6 {[%emt 0:01:10]} 11. Ne2 {[%emt 0:05:54]} Re8 {[%emt 0:09:14]} 12. b3 {[%emt 0:06:39]} Bd7 {[%emt 0:10:57]} 13. Bb2 {[%emt 0:00:22]} Nb4 {[%emt 0:02:39]} 14. Bb1 {[%emt 0:04:14]} Bb5 {[%emt 0:03:42]} 15. Re1 {[%emt 0:02:28]} Bxe2 {[%emt 0:01:49]} 16. Qxe2 $14 {[%emt 0:06:39]} Ne4 {[%emt 0:00:30]} 17. a3 {[%emt 0:00:30]} Nc6 {[%emt 0:00:30]} 18. b4 {[%emt 0:00:30]} Ba7 {[%emt 0:00:30]} 19. Ba2 {[%emt 0:00:30]} Ne7 {[%emt 0:00:30]} 20. Qd3 {[%emt 0:00:30]} Qd6 {[%emt 0:00:30]} 21. Rad1 Rad8 {[%emt 0:05:41]} 22. Re2 {[%emt 0:01:00]} Nc6 {[%emt 0:11:38]} 23. Ne5 {[%emt 0:18:15]} Nxe5 {[%emt 0:00:16]} 24. Qxe4 {[%emt 0:01:41]} Qc7 {[%emt 0:05:31]} 25. Rxd5 {[%emt 0:05:21]} 1-0

[Event "Asian Nation Cup Open 2018"]
[Site "Hamedan"]
[Date "2018.07.31"]
[Round "4"]
[White "Mohammad Fahad, Rahman"]
[Black "Sindarov, Javokhir"]
[Result "1-0"]
[WhiteElo "2237"]
[BlackElo "2474"]
[Annotator "TA"]
[PlyCount "103"]
[EventDate "2018.07.27"]
[EventType "swiss"]
[EventCountry "IRI"]
[SourceTitle "playchess.com"]
[Source "ChessBase"]
[SourceQuality "1"]
[WhiteTeam "Bangladesh"]
[BlackTeam "Uzbekistan"]
[WhiteTeamCountry "BAN"]
[BlackTeamCountry "UZB"]

{[%evp 18,103,34,17,27,20,27,0,0,0,11,0,15,1,16,21,18,15,0,10,20,-6,-16,-22,0,0,18,29,68,81,98,101,94,91,81,34,103,133,104,43,114,126,143,84,221,231,215,137,1541,231,1416,222,1498,220,1622,371,1704,384,402,419,389,392,459,465,447,441,390,406,379,387,500,438,783,635,1261,612,580,293,313,303,478,479,427,351,495,501,446,212]} 1. e4 e5 2. Nf3 Nc6 3. Bb5 a6 4. Ba4 Nf6 5. O-O Be7 6. Qe2 b5 7. Bb3 d6 8. c3 Na5 9. Bc2 c5 10. d4 {LiveBook: 24 Partien} cxd4 {C86: Spanische Partie (Englischer Angriff)} 11. cxd4 Bg4 12. a4 $146 ({Vorgänger:} 12. dxe5 dxe5 13. h3 Bxf3 14. Qxf3 O-O 15. Nc3 Rc8 16. Rd1 Qb6 17. Bd3 Rfd8 18. Bg5 {0-1 (47) Sowden,E (2304)-Klausen,T (2480) ICCF email 2011}) 12... b4 {Die Stellung ist ausgeglichen.} 13. Nbd2 O-O 14. h3 Qc7 15. Bd3 Bd7 16. b3 Nh5 $1 {[%cal Rh5f4] [#] Droht stark ...Sf4.} 17. Bb2 $1 {[%cal Rd4e5]} Nf4 18. Qe3 {[%cal Rd4e5]} Qa7 19. Bc4 Nxc4 20. Nxc4 f6 21. Rfd1 Be6 22. d5 ({Natürlich nicht} 22. dxe5 dxe5 23. Nb6 Rad8 $17) 22... Bf7 23. Nd4 Nxd5 24. exd5 exd4 25. Bxd4 Qb7 26. Na5 Qd7 (26... Qxd5 $14 27. Bxf6 (27. Qxe7 Qxa5 28. Qxd6 Rfd8 $15) 27... Qxa5 28. Bxe7 Rfe8) 27. Nc6 $36 {[%mdl 2048] Weiss ist am Drücker.} Rfe8 28. Qd3 ({Besser ist} 28. Qf3 $16) 28... Qb7 (28... Bxd5 $14 29. Nxe7+ (29. Nxb4 Bxg2 30. Kxg2 Qb7+ 31. Qf3 Qxb4 $11) 29... Qxe7) 29. Be3 Bd8 30. Rac1 ({Lieber} 30. a5) 30... Bb6 (30... a5 $16) 31. Bxb6 $18 Qxb6 32. Rc4 Qb5 $2 {[%mdl 8192]} (32... a5 $16) 33. Qd4 $2 (33. axb5 axb5 34. Rxb4) 33... Bh5 $2 (33... Qb7 34. Rxb4 Qd7) 34. f3 $2 (34. axb5 Bxd1 35. Qxd1 axb5 36. Rxb4) 34... Bg6 $2 (34... Qb7 35. Rxb4 Qd7) 35. Qf4 $2 (35. axb5 axb5 36. Rxb4) 35... Kh8 $2 (35... Qb6+ 36. Rcd4 Qc7) 36. Qxd6 $2 (36. axb5 axb5 37. Rxb4) 36... Bf7 $2 (36... Qb7 37. Qxb4 Qd7) 37. Qc5 $2 (37. axb5 axb5 38. Rxb4) 37... Qb7 38. Rxb4 Qd7 39. Re4 Rac8 40. Re7 Rxe7 41. Qxe7 Qxe7 42. Nxe7 {[%mdl 4096] Endspiel KTL-KTS} Rd8 43. b4 g6 44. d6 Be6 (44... Be8 $142 45. d7 Rxd7 46. Rxd7 Bxd7) 45. Nc6 Rc8 46. Nd4 (46. Re1 $142) 46... Bd7 47. Nb3 {[#] Und Sc5 würde nun gewinnen.} Bxa4 48. Rc1 Rb8 (48... Rxc1+ $142 49. Nxc1 Kg8) 49. Nc5 Bb5 50. Re1 Kg8 (50... Rd8 $142 51. Nb7 Rc8) 51. Re7 h5 52. Ne6 {Precision: Weiß = 36%, Schwarz = 28%.} (52. Rc7 $142) 1-0

[Event "Asian Nation Cup Open 2018"]
[Site "Hamedan"]
[Date "2018.08.01"]
[Round "5"]
[White "Adhiban, B."]
[Black "Lu, Shanglei"]
[Result "1/2-1/2"]
[WhiteElo "2671"]
[BlackElo "2629"]
[Annotator "TA"]
[PlyCount "90"]
[EventDate "2018.07.27"]
[EventType "swiss"]
[EventCountry "IRI"]
[SourceTitle "playchess.com"]
[Source "ChessBase"]
[SourceQuality "1"]
[WhiteTeam "India"]
[BlackTeam "China"]
[WhiteTeamCountry "IND"]
[BlackTeamCountry "CHN"]

{[%evp 25,90,24,34,39,39,45,30,33,33,8,0,0,0,0,0,0,0,0,0,0,0,3,6,6,6,8,33,36,104,87,227,101,101,110,92,0,0,0,0,0,0,0,0,0,0,0,0,0,0,0,0,0,0,0,0,0,0,0,0,0,0,0,0,0,0,0,0]} 1. e4 e6 2. d4 d5 3. Nd2 dxe4 4. Nxe4 Nd7 {[%cal Bb8d7,Bd7f6,Bf6e4][%mdl 32]} 5. Nf3 Ngf6 6. Bd3 c5 7. O-O Nxe4 8. Bxe4 Nf6 9. Bg5 cxd4 {C10: Französische Verteidigung (Rubinstein-Variante)} 10. Qe2 Be7 11. Rad1 Nxe4 12. Rxd4 Nd6 13. Bxe7 Qxe7 {LiveBook: 3 Partien} 14. Rfd1 O-O {Droht ...Sf5 und aus.} 15. Rxd6 f6 {[#]} 16. h3 $146 ({Vorgänger:} 16. Nh4 e5 17. f4 {1-0 (30) Brkic,A (2575)-Vaisser,A (2540) Bastia 2012}) 16... e5 17. Qe4 Be6 18. Nh4 Rad8 19. Rxd8 Rxd8 20. Rxd8+ Qxd8 21. Qxb7 Qd1+ 22. Kh2 Qxc2 23. Qa8+ Qc8 24. Qxa7 Qc4 25. Qe7 {[%cal Re7e8]} h6 26. Ng6 {jetzt De8+ und aus.} Bf5 ({Günstiger ist} 26... Qc8 $14) 27. b3 Qc2 {[#]} (27... Qc8 $16) 28. Qe8+ (28. Qd8+ $1 $18 {ist der präzise Gewinnweg.} Kh7 29. Nf8+ Kh8 30. Ne6+ (30. Ng6+ Kh7 $18) 30... Kh7 31. Qc7 (31. Nf8+ Kg8 $18) 31... Qxc7 32. Nxc7) 28... Kh7 $16 29. Nf8+ Kg8 {[#]} 30. Ng6+ ({Lieber} 30. Nd7+ $1 $16 Kh7 31. Nxf6+ (31. Nf8+ Kg8 $14) 31... gxf6 32. Qf7+ Kh8 33. Qxf6+ Kh7 34. Qf7+ (34. Qxe5 Qxf2 35. a4 Qc2 $11) 34... Kh8 35. f3) 30... Kh7 $11 {Die Stellung ist ausgeglichen.} 31. Ne7 {[%csl Ge7][%cal Re8g8]} Be6 32. Qc6 Qxf2 33. Qe4+ Kh8 34. Qa8+ Kh7 35. Qe4+ Kh8 36. Ng6+ Kg8 37. Qc6 {Weiss droht De8+ und Matt.} Kf7 {...Lf5 ist eine echte Drohung.} 38. Nh8+ Kg8 {zielt auf ...Lf5 ab.} 39. Ng6 {Droht Matt per De8+.} Kf7 {Und weiter mit ...Lf5 wäre nett.} 40. Nh8+ Kg8 {Weiss muss nun ...Lf5 beachten.} 41. Qe8+ Kh7 42. Ng6 Bd5 {[%csl Gd5][%cal Rf2g2]} 43. Nf8+ Kg8 {[%csl Gd5][%cal Rf2g2]} 44. Ng6+ Kh7 {[%csl Gd5][%cal Rf2g2]} 45. Nf8+ Kg8 {Precision: Weiß = 69%, Schwarz = 70%.} 1/2-1/2

[Event "Asian Nation Cup Open 2018"]
[Site "Hamedan"]
[Date "2018.08.01"]
[Round "5"]
[White "Ganguly, Surya Shekhar"]
[Black "Zhou, Jianchao"]
[Result "1/2-1/2"]
[WhiteElo "2652"]
[BlackElo "2621"]
[Annotator "TA"]
[PlyCount "49"]
[EventDate "2018.07.27"]
[EventType "swiss"]
[EventCountry "IRI"]
[SourceTitle "playchess.com"]
[Source "ChessBase"]
[SourceQuality "1"]
[WhiteTeam "India"]
[BlackTeam "China"]
[WhiteTeamCountry "IND"]
[BlackTeamCountry "CHN"]

{[%evp 12,49,25,22,35,18,42,51,64,46,48,5,44,38,47,0,4,-27,-16,-69,-66,-70,-65,-72,-65,-72,-68,-72,-56,-52,-32,-29,-18,-64,0,-185,-193,-291,0,-55]} 1. e4 e5 2. Nf3 Nc6 3. Bc4 Bc5 4. c3 Nf6 5. d3 d6 6. a4 {C54: Giuoco Piano: 4 c3 Nf6, main lines with 5 d4 and 5 d3} a5 7. Bg5 {LiveBook: 9 Games} Bb6 $146 ({Predecessor:} 7... Ne7 8. Nbd2 Ng6 9. Nh4 Nxh4 10. Bxh4 h6 11. h3 Qe7 12. Nf1 Be6 13. Bb3 O-O-O {0-1 (56) Sethuraman,S (2646)-Eljanov,P (2711) Riadh 2017}) 8. Nbd2 {White is slightly better.} Ne7 9. Bxf6 gxf6 10. Nh4 h5 11. Qf3 Rh6 12. Nf1 Be6 13. Bxe6 fxe6 14. Ng3 Kd7 15. Ne2 ({White should play} 15. Nf1 $11) 15... Qg8 $15 16. g3 Rf8 17. d4 Kc8 18. O-O-O f5 19. dxe5 {Black must now prevent Qf4.} fxe4 20. Qxe4 d5 21. Qd3 Rxf2 22. Nf4 Qe8 ({Better is} 22... Nc6 $15 23. Nhg6 h4 $1 {[%mdl 512]}) 23. b3 $2 (23. Nh3 $11 Rf7 24. Rhf1) 23... Nc6 $19 24. Nhg6 {[#]} (24. Rdf1 {was worth a try.} Nxe5 25. Qb5 Qxb5 26. axb5) 24... Ne7 $2 (24... d4 $1 $19 {[%cal Rd4c3]} 25. Rd2 dxc3 26. Rxf2 Bxf2) 25. Nh4 $1 {Precision: White = 39%, Black = 45%.} 1/2-1/2

[Event "Asian Nation Cup Open 2018"]
[Site "Hamedan"]
[Date "2018.08.01"]
[Round "5"]
[White "Nguyen, Ngoc Truong Son"]
[Black "Maghsoodloo, Parham"]
[Result "1/2-1/2"]
[WhiteElo "2618"]
[BlackElo "2636"]
[Annotator "TA"]
[PlyCount "57"]
[EventDate "2018.07.27"]
[EventType "swiss"]
[EventCountry "IRI"]
[SourceTitle "playchess.com"]
[Source "ChessBase"]
[SourceQuality "1"]
[WhiteTeam "Vietnam"]
[BlackTeam "Iran"]
[WhiteTeamCountry "VIE"]
[BlackTeamCountry "IRI"]

{[%evp 31,57,0,0,0,0,0,6,17,23,12,15,15,21,14,16,9,18,4,9,0,0,0,0,0,0,0,0,-3]} 1. d4 d5 2. Nf3 Nf6 3. c4 c6 4. Qb3 dxc4 5. Qxc4 Bf5 6. g3 Nbd7 7. Bg2 e6 8. O-O Be7 9. Nc3 O-O 10. Re1 Ne4 11. Qb3 Qb6 12. Nh4 {D23: Queen's Gambit Accepted: 3 Nf3 Nf6 sidelines} Qxb3 (12... Bxh4 13. Nxe4 Be7 14. Bf4 Rfd8 15. Nd6 Bxd6 16. Bxd6 Nf6 17. Bc5 Qxb3 18. axb3 a6 19. e4 Bg6 {½-½ (86) Flores Rios,M (2529)-Obregon,C (2514) chess.com INT 2018}) 13. axb3 Bb4 14. Nxf5 exf5 15. Bxe4 fxe4 16. Bd2 Rfe8 {LiveBook: 21 Games} 17. Nxe4 Rxe4 18. Bxb4 Rxd4 19. Bc3 Re4 20. Red1 $146 Nf8 {The position is equal.} 21. e3 Ree8 22. Rd3 f6 23. f3 Kf7 24. Kf2 Ne6 25. b4 Nc7 26. Rd7+ Re7 27. Rxe7+ Kxe7 28. Bd4 Nb5 29. Bc5+ {Precision: White = 69%, Black = 55%.} 1/2-1/2